Statistics for North Island... or South Island?

Click here to take the quiz!

General Stats

  • This quiz has been taken 41 times
  • The average score is 11 of 15

Answer Stats

QuestionAnswer% Correct
The Treaty of Waitangi signed here on 6 February 1840North Island
94%
NZ's coldest ever temperature, -26° C, recorded on 18 July 1903South Island
94%
Is more populousNorth Island
91%
Location of all three of New Zealand's capital citiesNorth Island
88%
The highest peak, Aoraki / Mt Cook, is hereSouth Island
88%
Is largerSouth Island
79%
Captain James Cook's 1769 expedition makes landfall here, becoming the first European visitors to New ZealandNorth Island
76%
The first commercial bungy jump operation operates hereSouth Island
74%
New Zealand's largest lake, Lake Taupo, is hereNorth Island
71%
Was known as Middle Island until 1907South Island
71%
The Interislander ferry departs from Picton on this islandSouth Island
65%
Its other official name is Te Waipounamu, meaning Waters of GreenstoneSouth Island
62%
Mt Ngauruhoe, (Mt Doom in the Lord of the Rings movies), is hereNorth Island
56%
NZ's hottest ever temperature, 42° C, recorded on 7 February 1973South Island
32%
First public railway is built in 1863South Island
26%

Score Distribution

Percentile by Number Answered

Percent of People with Each Score

Your Score History

You have not taken this quiz